| 000 | 01687nam a2200481 i 4500 | ||
|---|---|---|---|
| 001 | 31339 | ||
| 003 | KOSZ 005 | ||
| 005 | 20221216145310.0 | ||
| 008 | 970620s1995 pl a |000 0 pol | ||
| 015 | _aUWD 1995/7188 | ||
| 020 | _a8385428119 | ||
| 035 | _a991000287739705066 | ||
| 035 | _a(PL-WaBN)b10120348-48omnis_nlop | ||
| 035 | _ab10120348 | ||
| 035 | _a(OCoLC)749746268 | ||
| 035 | _a(PL)b0000001012034 | ||
| 035 | _a(EXLNZ-48OMNIS_NETWORK)9910516620605606 | ||
| 040 |
_aWA N _cWA N _dKOSZ 005/HR |
||
| 046 | _k1995 | ||
| 080 | _a658.1/.5 | ||
| 080 | _a005.2 | ||
| 100 | 1 |
_aPenc, Józef _d(1939-2017) _eAutor |
|
| 245 | 1 | 0 |
_aStrategie zarządzania : _bstrategie dziedzinowe i ich realizacja, zintegrowane zarządzanie strategiczne. _n[Cz. 2] / _cJózef Penc. |
| 260 |
_aWarszawa : _b"Placet", _c1995. |
||
| 300 |
_a253 s. : _b1 wykr. ; _c24 cm. |
||
| 336 |
_aTekst _btxt _2rdacontent |
||
| 337 |
_aBez urządzenia pośredniczącego _bn _2rdamedia |
||
| 338 |
_aWolumin _bnc _2rdacarrier |
||
| 380 | _aKsiążki | ||
| 388 | _a1901-2000 | ||
| 388 | _a1989-2000 | ||
| 490 | 1 | _aBiblioteka Biznesmena | |
| 500 | _aU dołu okł. : Strateging i uczenie się przyszłości : czynniki sukcesu firmy, polsko-angielski słownik stratega. | ||
| 580 | _aPocz. poz. 3045/95 | ||
| 650 | 7 |
_aPrzedsiębiorstwo _2DBN |
|
| 650 | 7 |
_aZarządzanie strategiczne _2DBN |
|
| 658 | _aZarządzanie i marketing | ||
| 710 | 2 | _aWydawnictwo Placet | |
| 830 | 0 | _aBiblioteka Biznesmena | |
| 856 |
_uhttp://koha.tu.koszalin.pl/cgi-bin/koha/opac-detail.pl?biblionumber=31339 _yKatalog online BPK |
||
| 942 |
_2UKD _cKS |
||
| 999 |
_c31339 _d31339 |
||